Zohľadnenie veku vozidla pri zdaňovaní

Jedným z faktorov pri zdanení automobilov je aj vek vozidla, ktorý v značnej miere odráža aktuálnu hodnotu vozidla. Faktory, ktoré sú z určitého hľadiska dôležité pri zohľadnení environmentálnych alebo fiškálnych cieľov.

Na minha lista:
Detalhes bibliográficos
Autor principal: Neupauerová, Zuzana
Formato: Capítulo de Livro
Idioma:eslovaco
Assuntos:
Tags: Adicionar Tag
Sem tags, seja o primeiro a adicionar uma tag!

MARC

LEADER 00000nla a2200000 4500
001 0174313
005 20240502072955.1
041 0 |a slo 
044 |a SK 
245 1 0 |a Zohľadnenie veku vozidla pri zdaňovaní  |c Zuzana Neupauerová 
520 |a Jedným z faktorov pri zdanení automobilov je aj vek vozidla, ktorý v značnej miere odráža aktuálnu hodnotu vozidla. Faktory, ktoré sú z určitého hľadiska dôležité pri zohľadnení environmentálnych alebo fiškálnych cieľov. 
610 2 0 |a dane 
610 2 0 |a dane z vozidiel motorových 
610 2 0 |a povinnosť daňová 
610 2 0 |a daňovníci 
610 2 0 |a automobily 
610 2 0 |a hodnota majetku 
610 2 0 |a zdaňovanie 
100 1 |a Neupauerová, Zuzana